000 00641nam a22001817a 4500
008 250221b |||||||| |||| 00| 0 eng d
040 _aKABU
_cKABU
050 _aThe HD2130
_b.N93 2019
100 _aNyakweba, Thomas Ombui
245 _aFinancial service accessibility strategies for farmers' economic empowerment in Kenya:
_ba survey of small-scale tea farmers in Kisii County /
_cThomas Ombui Nyakweba
260 _aNakuru, Kenya:
_bKabarak University,
_c2019
300 _axxi, 218p.
500 _aUnpublished thesis
650 _aEconomic empowerment
700 _aGeorge, Gongera
700 _aAsienga, Irene C.
942 _2lcc
_cTHE
999 _c20680
_d20679